[Event "SRI-ch (Women)"]
[Site "Colombo"]
[Date "2014.03.17"]
[Round "6"]
[White "Viththiyarani, S."]
[Black "Chandrasiri, SAK"]
[Result "1/2-1/2"]
[WhiteElo "1761"]
[BlackElo "1756"]
[PlyCount "61"]
[EventDate "2014.03.15"]
[EventType "tourn"]
[EventRounds "13"]
[EventCountry "SRI"]
[SourceTitle "CBM 159 Extra"]
[Source "ChessBase"]
[SourceDate "2014.04.24"]
[SourceVersion "1"]
[SourceVersionDate "2014.04.24"]
[SourceQuality "1"]

1. e4 c5 2. Nf3 d6 3. d4 cxd4 4. Nxd4 Nf6 5. Nc3 a6 6. h3 e6 7. Bd3 Be7 8. 0-0 0-0 9. Re1 Qc7 10. Nce2 b5 11. c3 Bb7 12. Ng3 Nbd7 13. Bg5 Qc5 14. Be3 Qc7 15. Bg5 Rfe8 16. Nf3 Rad8 17. a4 bxa4 18. Qxa4 Nc5 19. Qc2 Nxd3 20. Qxd3 Nd7 21. Bxe7 Rxe7 22. Rad1 Nf8 23. Ne2 Red7 24. Ned4 h6 25. Nh2 Qb6 26. b4 Ng6 27. Qg3 Kh7 28. h4 Rc8 29. Kh1 a5 30. bxa5 Qxa5 31. Rc1 1/2-1/2

[Event "SRI-ch (Women)"]
[Site "Colombo"]
[Date "2014.03.15"]
[Round "2"]
[White "Thilakawardana, Supeshala"]
[Black "Viththiyarani, S."]
[Result "1/2-1/2"]
[WhiteElo "1765"]
[BlackElo "1761"]
[PlyCount "50"]
[EventDate "2014.03.15"]
[EventType "tourn"]
[EventRounds "13"]
[EventCountry "SRI"]
[SourceTitle "CBM 159 Extra"]
[Source "ChessBase"]
[SourceDate "2014.04.24"]
[SourceVersion "1"]
[SourceVersionDate "2014.04.24"]
[SourceQuality "1"]

1. d4 d5 2. Nf3 c5 3. c3 Nf6 4. Bf4 Nc6 5. e3 e6 6. Nbd2 c4 7. Be2 Bd6 8. Bxd6 Qxd6 9. Qc2 0-0 10. 0-0 b5 11. e4 dxe4 12. Nxe4 Nxe4 13. Qxe4 Bb7 14. Rfe1 Rab8 15. Qh4 Ne7 16. Qg3 Qxg3 17. hxg3 Nd5 18. Ne5 Rfd8 19. Rec1 f6 20. Nf3 h6 21. Rc2 Kf7 22. a3 Ne7 23. Re1 Bd5 24. Nd2 Nc6 25. Bd1 e5 1/2-1/2

[Event "SRI-ch (Women)"]
[Site "Colombo"]
[Date "2014.03.15"]
[Round "1"]
[White "Viththiyarani, S."]
[Black "Koswatta, KWDMHU"]
[Result "0-1"]
[WhiteElo "1761"]
[BlackElo "1493"]
[PlyCount "116"]
[EventDate "2014.03.15"]
[EventType "tourn"]
[EventRounds "13"]
[EventCountry "SRI"]
[SourceTitle "CBM 159 Extra"]
[Source "ChessBase"]
[SourceDate "2014.04.24"]
[SourceVersion "1"]
[SourceVersionDate "2014.04.24"]
[SourceQuality "1"]

1. e4 c5 2. Nf3 Nc6 3. Nc3 d6 4. h3 Nf6 5. d4 cxd4 6. Nxd4 e5 7. Nf3 h6 8. a3 Be6 9. Bd3 a6 10. 0-0 Be7 11. b4 Qc7 12. Bb2 0-0 13. Ne2 d5 14. Ng3 d4 15. Rc1 Qd6 16. Re1 Rfe8 17. c3 dxc3 18. Bxc3 Rad8 19. Re3 Nh7 20. Qc2 Ng5 21. Nh2 Bf6 22. Nh5 Qe7 23. f4 Nh7 24. Nxf6+ Qxf6 25. fxe5 Qg5 26. Qf2 Rxd3 27. Ree1 Rd7 28. Nf3 Qe7 29. h4 Bg4 30. Nh2 Qe6 31. Qg3 Bh5 32. Qf4 Nf8 33. g4 Bg6 34. h5 Bh7 35. Nf3 g5 36. Qg3 Rdd8 37. Qf2 Qxg4+ 38. Kf1 Bxe4 39. Re3 Bd3+ 40. Ke1 Qxh5 41. Rd1 Qh1+ 42. Ng1 Bg6 43. Rh3 Qe4+ 44. Ne2 Rxd1+ 45. Kxd1 Qc2+ 46. Ke1 Qb1+ 47. Kd2 Rd8+ 48. Nd4 Qc2+ 49. Ke1 Qb1+ 50. Kd2 Qc2+ 51. Ke1 Qxf2+ 52. Kxf2 Nxd4 53. Rxh6 Nde6 54. Rh1 Rd3 55. Rc1 Nd7 56. a4 Kf8 57. Ke2 Nd4+ 58. Kf2 Rf3+ 0-1

[Event "SRI-chB (Women)"]
[Site "Colombo"]
[Date "2014.02.26"]
[Round "1"]
[White "Sarathchandra, Thihansa Dewwanth"]
[Black "Viththiyarani, S."]
[Result "0-1"]
[WhiteElo "1214"]
[BlackElo "1761"]
[PlyCount "84"]
[EventDate "2014.02.26"]
[EventType "swiss"]
[EventRounds "10"]
[EventCountry "SRI"]
[SourceTitle "CBM 159 Extra"]
[Source "ChessBase"]
[SourceDate "2014.04.24"]
[SourceVersion "1"]
[SourceVersionDate "2014.04.24"]
[SourceQuality "1"]

1. d4 d5 2. c4 c5 3. Nf3 Nf6 4. Nc3 e6 5. e3 Nc6 6. Bd3 Qb6 7. Na4 Qc7 8. cxd5 Nxd5 9. dxc5 Bxc5 10. Nxc5 Qa5+ 11. Bd2 Qxc5 12. 0-0 Bd7 13. a3 a5 14. Re1 Rd8 15. Qb3 Qb6 16. Qxb6 Nxb6 17. Bc3 0-0 18. Red1 Na4 19. Rac1 e5 20. Bb5 Nxc3 21. Rxc3 Bg4 22. Rxd8 Rxd8 23. h3 Rd1+ 24. Kh2 Bxf3 25. gxf3 Rd2 26. Bxc6 bxc6 27. Rxc6 f6 28. b4 Rxf2+ 29. Kg3 Rb2 30. Rc4 Kf7 31. Rc7+ Kg6 32. Rb7 Rb3 33. e4 h5 34. h4 Rb1 35. Kg2 Kh6 36. Rb6 Kh7 37. Rd6 Rb3 38. Rb6 Kg8 39. Rb8+ Kf7 40. Rb7+ Kg6 41. Rb6 Rd3 42. Rc6 Rd2+ 0-1